أحكام عقد الفرنشايز في العلامة التجارية : (رقم التسجيلة. 146327)

تفاصيل مارك
000 -الفاتح
عناصر البيانات ثابتة الطول 00843cam a2200193 i 4500
005 - تاريخ ووقت آخر معاملة
حقل ضبط 20251210092355.0
008 - عناصر البيانات ثابتة الطول
عناصر البيانات ثابتة الطول 250721s2024 ua gr 000 0 ara d
082 14 - رقم تصنيف ديوي العشري
رقم التصنيف 216.3
رقم المادة ا س م
100 1# - مدخل رئيسي – اسم شخصي
الاسم الشخصي اسماعيل، اسماعيل السيد العربي
علاقة الشخص بالعمل/ دوره مؤلف.
245 10 - بيان العنوان
العنوان أحكام عقد الفرنشايز في العلامة التجارية :
بقية العنوان دراسة قانونية فقهية معاصرة /
بيان المسؤولية الدكتور اسماعيل السيد العربي اسماعيل.
264 31 - بيانات النشر، التوزيع…إلخ
مكان النشر، التوزيع...إلخ الاسكندرية :
اسم الناشر، الموزع...إلخ مؤسسة المعرفة لنشر و توزيع الكتب،
تاريخ النشر، التوزيع...إلخ 2024.
300 ## - الوصف المادي
عدد الوحدات المكونة للوعاء 340 صفحة.
650 17 - مدخل إضافي بالموضوع - مصطلح موضوعي
مصطلح موضوعي أو اسم جغرافي كعنصر مدخل الفقة الاسلامي.
650 17 - مدخل إضافي بالموضوع - مصطلح موضوعي
مصطلح موضوعي أو اسم جغرافي كعنصر مدخل التشريعات التجارية.
650 17 - مدخل إضافي بالموضوع - مصطلح موضوعي
مصطلح موضوعي أو اسم جغرافي كعنصر مدخل المعاملات.
650 17 - مدخل إضافي بالموضوع - مصطلح موضوعي
مصطلح موضوعي أو اسم جغرافي كعنصر مدخل القانون.
942 ## - بيانات إضافية (كوها)
نوع التنصيف Dewey Decimal Classification
نوع المادة (كوها) كتب
المقتنيات
حالة السحب حالة الفقدان مصدر التصنيف حالة التلف غير قابل للإعارة المكتبة الرئيسية المكتبة الحالية موقع الرف تاريخ التزويد الرقم المتسلسل Total Checkouts رقم الإستدعاء الباركود تاريخ آخر ظهور تاريخ الفاتورة نوع المادة (كوها)
    Dewey Decimal Classification     المكتبة المركزية المكتبة المركزية الإعارة 28/07/2025 1786019   216.3 / ا س م PLD00509496 28/07/2025 28/07/2025 كتب
Implemented & Customized by: BBB with SCIT (Smart Chains for Information Technology)

Powered by Koha